| 000 | 01204nam a2200325 a 4500 | ||
|---|---|---|---|
| 001 | 000113212 | ||
| 003 | CHAP | ||
| 005 | 20220329144343.0 | ||
| 008 | 170517s2017 mx a fsm |||||||spa d | ||
| 010 | _a109673 | ||
| 011 | _a110645 | ||
| 040 | _cCHAP | ||
| 090 | _aTesis | ||
| 100 | 1 |
_aMacías Corral, Ángel Fabián _9126262 |
|
| 245 | 1 | 0 |
_aDiversidad de insectos asociados a Dendroctonus mexicanus Hopkins en Pinus pseudostrobus Lind / _h[En línea] _cpor Ángel Fabián Macias Corral. |
| 260 |
_aChapingo, Méx. : _bEl autor, _c2017. |
||
| 500 | _aPara ver el contenido del material haga clic en la liga | ||
| 502 | _aTesis (M. C. en Ciencias Forestales) -- UACH. División de Ciencias Forestales | ||
| 590 |
_aE11695DGD _b10 _c20170517 _lUCH01 _h1538 |
||
| 590 |
_aE8697GMM _b05 _c20170517 _lUCH01 _h0945 |
||
| 590 |
_aE8697GMM _b05 _c20170517 _lUCH01 _h1006 |
||
| 590 |
_aE8697GMM _b05 _c20170517 _lUCH01 _h1213 |
||
| 650 | 1 | 4 |
_aDendroctonus mexicanus. _931777 |
| 650 | 1 | 4 |
_aInsectos _xHábitos y conducta. _958927 |
| 650 | 1 | 4 |
_aPinus pseudostrobus _xPlagas. _9132258 |
| 856 |
_aFinding aid _uhttp://10.13.5.2/tesis/sist113212.pdf _zTeclea aquí |
||
| 901 | _aBK | ||
| 942 | _cTESIS | ||
| 942 | _n0 | ||
| 999 |
_c109673 _d109673 |
||